000 00879cab a22001935a 4500
001 L137119
008 070315e2007 xxk 000 0 eng d
035 _a(Sirsi) u137119
041 _aeng
100 1 _aPearson, David
245 0 2 _aA practical understanding of the law
_bpart 2
260 _c2007
490 0 _aFacilities Management
_v14(6) February 2007, 22-23(2)
520 _aSecond in a two part series (part one is L137118) discusses the binding contract and agreement between parties. Discusses agreement, intent and consideration as the elements in the binding relationship, and the status of the written and signed document. Considers provisions in English law regarding revocation, rejection, lapse of time and acceptance.
590 _aKA
651 4 _aEngland and Wales
_y1543-
690 _aMANAGEMENT-PROJECT MANAGEMENT-CONTRACT ADMINISTRATION
942 _n0
999 _c78558
_d78558